1969: NFL Teams with the Most Points - Statistics

General Stats
  • This quiz has been taken 15 times
  • The average score is 8 of 10
Answer Stats
Number of points NFL/AFL Team % Correct
320 Los Angeles Rams
100%
359 Kansas City Chiefs
91%
379 Minnesota Vikings
91%
353 New York Jets
91%
377 Oakland Raiders
82%
369 Dallas Cowboys
73%
314 St. Louis Cardinals
73%
351 Cleveland Browns
55%
307 Washington Redskins
55%
311 New Orleans Saints
45%
No matching quizzes found
Score Distribution
Percent of People with Each Score
Percentile by Number Answered
Your Score History
You have not taken this quiz